Жцлдыдар сөнбейдi (Бичлэгийн дугаар. 1156134)
[ энгийн харах ]
| 000 -Удирдлага | |
|---|---|
| Ном зүйн бүртгэл тоо буюу кодлох утгыг агуулсан | 00706nam a22002177a 4500 |
| 003 - ХЯНАЛТЫН ТОО ТОДОРХОЙЛОГЧ | |
| Код | MN-UlNLM |
| 005 - ХАМГИЙН СҮҮЛИЙН ҮЕИЙН ХЭЛЦЛИЙН ОГНОО БА ЦАГ | |
| Тухайн бичилтийг бичсэн засварласан сүүлийн огноо. | 20260303161043.0 |
| 008 - ЕРӨНХИЙ МЭДЭЭЛЭЛ-ЭЛЕМЕНТҮҮДИЙН ӨГӨГДЛИЙН УРТ | |
| fixed length control field | 260303b mp ||||| |||| 00| 0 mon d |
| 020 ## - ОЛОН УЛСЫН СТАНДАРТ НОМЫН ДУГААР-ISBN | |
| Олон Улсын Стандарт Номын Дугаар | 9786018066399 |
| 040 ## - ЭХ СУРВАЛЖИЙГ ТОДОРХОЙЛОН БИЧИХ | |
| Анхны каталогийн байгууллага | Баян-Өлгий аймгийн төв номын сан |
| Каталогийн хэл | Казак |
| Бичлэг хийж нэвтрүүлэх байгууллага | MN-UlNLM |
| Өөрчлүүлэх байгууллага | MN-UlNLM |
| Бичиглэлийн тодорхойлолт | rda |
| 041 ## - ХЭЛНИЙ КОД | |
| Текстийн хэлний код/фонограм буюу салангид гарчиг | Казак |
| 084 ## - БУСАД АНГИЛЛЫН ДУГААР | |
| Ангиллын нэр | Номын сан номзүйн ангилал |
| Анги | 84(5Каз) |
| Зохиогчийн 3-н тэмдэгт | Қ39 |
| Шинжлэх ухааны мэдлэгийн салбар | Уран зохиол - 84 |
| 100 ## - ЗОХИОГЧИЙН ХЭСЭГ | |
| Зохиогчийн нэр | Қаңтарбаев.Э, |
| Зохиогчийн бүтэн овог нэр | (Элiбек) |
| 245 ## - ҮНДСЭН ГАРЧИГ | |
| Гарчиг | Жцлдыдар сөнбейдi |
| 264 ## - ГАРАЛТЫН МЭДЭЭ | |
| Хэвлэгдсэн газар | Алматы: |
| Бүтээгч, хэвлэгч, түгээгч, үйлдвэрлэгчийн нэр | (Баспа) |
| Хэвлэгдсэн он | 2017. |
| 300 ## - ТООНЫ МЭДЭЭ | |
| Хуудасны тоо | 338 хуудастай: |
| Хэмжээ | 25см |
| 336 ## - АГУУЛГЫН ТӨРӨЛ | |
| Нөөц | rdaconnect |
| Агуулгын төрлийн нөхцөл | text |
| Агуулгын төрлийн код | txt |
| 337 ## - MEDIA TYPE | |
| Эх сурвалж | rdamedia |
| Файлын төрөл | unmediated |
| Файлын код | n |
| 338 ## - CARRIER TYPE | |
| Source | rdacarrier |
| Carrier type term | volume |
| Carrier type code | nc |
| 942 ## - ЭЛЕМЕНТИЙН ТӨРӨЛ | |
| Анги | Номын сан номзүйн ангилал |
| Төрөл | Ном |
| Буцаан татагдсан төлөв | Хасагдсан шалтгаан | Гэмтсэн төлөв | Данс заагч | Захиалах боломжгүй | Үндсэн номын сан | Одоогийн байршил | Салбар танхим | Салбар танхим | Бүртгэсэн огноо | Бүрдүүлэлтийн эх үүсвэр | Тавиурын заалт | Баркод | Үнэ | Хамгийн сүүлд байсан огноо | Нийт уншлаганд гарсан тоо | Дансны дугаар | Ангиллын нэр | Төрөл |
|---|---|---|---|---|---|---|---|---|---|---|---|---|---|---|---|---|---|---|
| Баян-Өлгий аймаг | Баян-Өлгий аймаг | Баян-Өлгий | Үндсэн фонд | Баян-Өлгий | Үндсэн фонд | 2026-03-03 | Бэлэг, хандив | 84(5Каз) Қ39 | BU0188851175 | 18000.00 | 2026-03-03 | 51175 | Номын сан номзүйн ангилал | Ном |